=LDR 00000nam 2200000 4500 =001 INLIS00000000000060 =005 20260702043538 =020 ##$$a 978-623-928-731-3 =082 ##$$a 297.122 =100 1#$$a Muakhir, Ali =245 1 $$a Membelah Lautan /$c Ali Muakhir =300 ##$$a 24 ; 18 x 18 cm